|
|
|
|
| LEADER |
00687nta a2200181 i 4500 |
| 001 |
dokt3376 |
| 005 |
20240903112609.0 |
| 008 |
170109s1971 hu om 000 hun d |
| 040 |
|
|
|a SZTE Doktori Repozitórium
|b hun
|
| 041 |
|
|
|a hun
|
| 100 |
1 |
|
|a Bezdán Sándor
|
| 245 |
1 |
0 |
|a Hódmezővásárhelyi paraszti olvasókörök és agrárszocialista földmunkás egyletek a dualizmus korában (1867-1918)
|h [elektronikus dokumentum] /
|c Bezdán Sándor
|
| 260 |
|
|
|c 1971
|
| 502 |
|
|
|a Disszertacio
|
| 650 |
|
4 |
|a történelemtudományok
|
| 650 |
|
4 |
|a Történettudomány
|
| 700 |
0 |
1 |
|a Nincs megadva
|e ths
|
| 856 |
4 |
0 |
|u https://doktori.bibl.u-szeged.hu/id/eprint/3376/1/1971_bezdan_sandor.pdf
|z Dokumentum-elérés
|